000 00420nam a22001457a 4500
999 _c513596
_d513596
008 200313b ||||| |||| 00| 0 eng d
100 _aKapoor, Nimish
_916750
245 _aSkilling the youth through Science and Technology
260 _bKurukshetra
300 _a68(4), Feb, 2020: p.35-39.
650 _aScience and Technology
_916751
773 _aKurukshetra
906 _aSkill development
942 _2ddc
_cAR